000 00267nam a22001337a 4500
008 170529b xxu||||| |||| 00| 0 eng d
020 _a
041 _aeng
080 _a94
100 _a16
101 _aSHH
245 _aIMPERIAL ROME
_cHADAS,M
942 _2udc
_cBK
999 _c14920
_d14920